| 000 | 00568nam a2200205Ia 4500 | ||
|---|---|---|---|
| 003 | OSt | ||
| 005 | 20230411093620.0 | ||
| 008 | 210423s2009 xx 000 0 und d | ||
| 020 | _a9780199582464 | ||
| 040 | _cAL | ||
| 041 | _aeng | ||
| 082 | _a658.11 TRIB | ||
| 100 |
_aTRICKER (Bob). _985808 |
||
| 245 | _aCorporate governance: principles policies and practice. | ||
| 260 |
_aOxford _bOxford University Press _c2009 |
||
| 300 |
_axvi,431 _bPB |
||
| 365 |
_b365 _cINR |
||
| 906 | _aCorporate ; governance ; policies ; practice. ; principles | ||
| 942 |
_2ddc _cBK |
||
| 999 |
_c158416 _d158416 |
||